| 000 | 00822nam a22002657a 4500 | ||
|---|---|---|---|
| 003 | CHAP | ||
| 005 | 20220329141616.0 | ||
| 008 | 971013s r 00010 d | ||
| 010 | _a70951 | ||
| 011 | _a71923 | ||
| 035 | _a81477 | ||
| 040 | _cCHAP | ||
| 090 | _aR-640 | ||
| 100 | 0 | 0 |
_aDávalos de Guzmán, L. _933081 |
| 245 | _aEstudios sobre los líquenes de México. I. Notas sobre algunas especies | ||
| 500 | _aSobretiro de : An. Esc. Nac. Ciencias Biol., Méx. 19 : 9-20, 1972 | ||
| 590 |
_aBATCH-UPD _b10 _c20130110 _lUCH01 _h0811 |
||
| 590 |
_aBATCH-UPD _b10 _c20130410 _lUCH01 _h0448 |
||
| 590 |
_aBATCH-UPD _b10 _c20130914 _lUCH01 _h1211 |
||
| 590 |
_aCONVERSION _b10 _c20130109 _lUCH01 _h1339 |
||
| 650 | 1 | 4 |
_aLíquenes. _967489 |
| 901 | _aBK | ||
| 942 | _cREIMP | ||
| 949 |
_aR-640 _bBC _cR _d-34849 _eTS1 _i81477 _si |
||
| 999 |
_c70951 _d70951 |
||